How to make money in stocks : (Record no. 358344)
[ view plain ]
| 000 -LEADER | |
|---|---|
| fixed length control field | 00429nam a2200145Ia 4500 |
| 008 - FIXED-LENGTH DATA ELEMENTS--GENERAL INFORMATION | |
| fixed length control field | 180815s9999 xx 000 0 und d |
| 020 ## - INTERNATIONAL STANDARD BOOK NUMBER | |
| International Standard Book Number | 71373616 |
| 100 ## - MAIN ENTRY--PERSONAL NAME | |
| Personal name | O'neil, William J. |
| 245 ## - TITLE STATEMENT | |
| Statement of responsibility, etc | William J. O'neil.-- |
| Title | How to make money in stocks : |
| Remainder of title | a winning system in good times or bad / |
| 250 ## - EDITION STATEMENT | |
| Edition statement | 3rd ed |
| 260 ## - PUBLICATION, DISTRIBUTION, ETC. (IMPRINT) | |
| Place of publication, distribution, etc | USA : |
| Name of publisher, distributor, etc | McGrow-Hill |
| Date of publication, distribution, etc | 2002 |
| 300 ## - PHYSICAL DESCRIPTION | |
| Extent | xiii, 288 pages. |
| 650 ## - SUBJECT ADDED ENTRY--TOPICAL TERM | |
| Topical term or geographic name as entry element | Investments. |
| 650 ## - SUBJECT ADDED ENTRY--TOPICAL TERM | |
| Topical term or geographic name as entry element | Stocks. |
| Withdrawn status | Lost status | Damaged status | Home library | Current library | Shelving location | Date acquired | Source of acquisition | Total Checkouts | Full call number | Barcode | Date last seen | Date checked out | Price effective from | Koha item type |
|---|---|---|---|---|---|---|---|---|---|---|---|---|---|---|
| College Library | College Library | General Circulation Section | 08/15/2018 | 1 | HG 4521 .O515 2002 | C21601 | 11/26/2018 | 11/05/2018 | 08/15/2018 | Books |